000 00455 a2200157 4500
001 156876
020 _a9788532283191
040 _cEscola São Tomás de Aquino
100 _aDIMENSTEIN, Gilberto
240 1 0 _aDez lições de sociologia para um Brasil cidadão
_lpor
245 1 0 _aDez lições de sociologia para um Brasil cidadão
300 _a328 p.
362 0 _a2012
697 _aCiências sociais, sociologia e antropologia
942 _cBK
999 _c156876
_d156876